Szczegóły MARC21

De senectute ; De amicitia ; De divinatione /

003 -Nazwa inst., której nr kontr. jest w polu 001 [,]
    • @
    • Nazwa instytucji, której n kontrolny jest w polu 001
    • NUKAT
005 -DATA I CZAS OSTATNIEJ MODYFIKACJI [,]
    • @
    • pole kontrolne
    • 20241231091146.0
040 -Instytucja sporządzająca opis [ , ]
    • a
    • Instytucja, która sporządziła opis (NP)
    • BYDG 24/ak
    • c
    • Instytucja, która sporządziła rekord (NP)
    • BYDG 24/ak
    • d
    • Instytucja, która zmodyfikowała rekord (P)
    • BYDG 24/MM
    • d
    • Instytucja, która zmodyfikowała rekord (P)
    • BYDG 24/MSzs
    • d
    • Instytucja, która zmodyfikowała rekord (P)
    • KR U/69DM
041 -Język dokumentu [1, ]
    • a
    • Język tekstu (P)
    • angielski
    • a
    • Język tekstu (P)
    • łaciński
    • h
    • Język tekstu oryginalnego i/lub pośredniego (P)
    • łaciński
044 -Kraj miejsca wydania [ , ]
    • a
    • Kraj miejsca wydania
    • Wielka Brytania po 1988
    • a
    • Kraj miejsca wydania
    • Stany Zjednoczone po 1988
942 -Rodzaj dokumentu [ , ]
    • c
    • Rodzaj dokumentu
    • Książka
100 -Hasło główne - nazwa osobowa [1, ]
    • a
    • Nazwa osobowa (NP)
    • Cicero, Marcus Tullius
    • d
    • Daty biograficzne (NP)
    • (106-43 p.n.e.).
    • 9
    • KHW
    • 45282
240 -Tytuł ujednolicony [1,0]
    • a
    • Tytuł ujednolicony
    • Cato Maior de senectute
    • l
    • Język tekstu
    • (łac., ang.)
    • 9
    • KHW
    • 608753
245 -Strefa tytułu i oznaczenia odpowiedzialności [1,0]
    • a
    • Tytuł
    • De senectute ; Find
    • b
    • Ciąg dalszy tytułu (NP)
    • De amicitia ; De divinatione / Find
    • c
    • Pozostałe elementy strefy tytułu i oznaczenia odpowiedzialności (NP)
    • Cicero ; with an Engl. transl. by William Armistead Falconer.
260 -Strefa adresu wydawniczego [ , ]
    • a
    • Miejsce wydania (P)
    • London :
    • b
    • Nazwa wydawcy (P)
    • William Heinemann ;
    • a
    • Miejsce wydania (P)
    • Cambridge, Mass. :
    • b
    • Nazwa wydawcy (P)
    • Harvard University Press,
    • c
    • Data wydania (P)
    • 1959.
300 -Strefa opisu fizycznego [ , ]
    • a
    • Określenie formy książki i/lub objętość (NP)
    • VIII, 567, [1] s. ;
    • c
    • Format (NP)
    • 17 cm.
336 -Typ zawartości [ , ]
    • a
    • Termin opisujący typ zawartości
    • Tekst
    • b
    • Kod określający zawartość
    • txt
    • 2
    • Źródło (terminu i kodu)
    • rdacontent
337 -Typ mediów [ , ]
    • a
    • Tryb odtwarzania
    • Bez urządzenia pośredniczącego
    • b
    • Kod typu mediów
    • n
    • 2
    • Źródło (terminu i kodu)
    • rdamedia
338 -Typ/rodzaj nośnika [ , ]
    • a
    • Hasło opisujące typ nośnika
    • Wolumin
    • b
    • Kod typu nośnika
    • nc
    • 2
    • Źródło (terminu i kodu)
    • rdacarrier
490 -Strefa serii i książki wielotomowej - forma nie do wyszukiwania [1, ]
    • a
    • Tytuł (P)
    • The Loeb Classical Library ; Find
    • v
    • Numeracja (P)
    • 154
830 -Hasło dodatkowe serii i opisu książki wielotomowej - tytuł ujednolicony/tytuł [ ,4]
    • a
    • Tytuł ujednolicony/tytuł (NP)
    • The Loeb Classical Library
    • v
    • Oznaczenie tomu (NP)
    • 154
    • 9
    • KHW
    • 99168
504 -Uwaga dot. bibliogr. załącznikowej [ , ]
    • a
    • Uwaga dot. bibliografii załącznikowej
    • Indeks.
546 -Uwaga dot. języka [ , ]
    • a
    • Uwaga dot. języka
    • Równol. oryg. łac. i przekł. ang.
080 -Uniwersalna Klasyfikacja Dziesiętna [ , ]
    • a
    • Symbol klasyfikacji
    • 871=71=20
080 -Uniwersalna Klasyfikacja Dziesiętna [ , ]
    • a
    • Symbol klasyfikacji
    • :871(091)"00"Cicero=71=20
650 -Hasło przedmiotowe [ ,7]
    • a
    • Hasło przedmiotowe
    • Starość
    • v
    • Określnik formalny
    • dzieła przed 1800.
    • 2
    • Źródło terminu
    • kaba
    • 9
    • KHW
    • 383722
650 -Hasło przedmiotowe [ ,7]
    • a
    • Hasło przedmiotowe
    • Przyjaźń
    • v
    • Określnik formalny
    • dzieła przed 1800.
    • 2
    • Źródło terminu
    • kaba
    • 9
    • KHW
    • 383723
650 -Hasło przedmiotowe [ ,7]
    • a
    • Hasło przedmiotowe
    • Filozofia
    • v
    • Określnik formalny
    • dzieła przed 1800.
    • 2
    • Źródło terminu
    • kaba
    • 9
    • KHW
    • 351652
980 -Symbol UKD [ , ]
    • a
    • UKD
    • 871:871(091)"00"Cicero]=71=20
700 -Hasło dodatkowe - nazwa osobowa [1,2]
    • a
    • Nazwa osobowa (NP)
    • Cicero, Marcus Tullius Find
    • d
    • Daty biograficzne (NP)
    • (106-43 p.n.e.).
    • t
    • Tytuł ujednolicony/tytuł (NP)
    • Laelius de amicitia Find
    • l
    • Język tekstu (NP)
    • (łac., ang.)
    • 9
    • KHW
    • 608749
700 -Hasło dodatkowe - nazwa osobowa [1,2]
    • a
    • Nazwa osobowa (NP)
    • Cicero, Marcus Tullius Find
    • d
    • Daty biograficzne (NP)
    • (106-43 p.n.e.).
    • t
    • Tytuł ujednolicony/tytuł (NP)
    • De divinatione Find
    • l
    • Język tekstu (NP)
    • (łac., ang.)
    • 9
    • KHW
    • 608750
700 -Hasło dodatkowe - nazwa osobowa [1, ]
    • a
    • Nazwa osobowa (NP)
    • Falconer, William Armistead Find
    • d
    • Daty biograficzne (NP)
    • (1869-1927).
    • e
    • Określenie rodzaju współpracy
    • Tł.
    • 9
    • KHW
    • 608751
Sygnatura Lokalizacja Data inwentaryzacji Status udost. Numer inwentarzowy
ANG. Filozofia 08BM2002-10-171A.6752